|
|
|
|
| LEADER |
01616cas a2200241 a 4500 |
| 001 |
AALejournalIMF007183 |
| 008 |
230101c9999 xx r poo 0 0eng d |
| 020 |
|
|
|c 5.00 USD
|
| 020 |
|
|
|z 9781455275519
|
| 022 |
|
|
|a 1934-7685
|
| 040 |
|
|
|a BD-DhAAL
|c BD-DhAAL
|
| 110 |
2 |
|
|a International Monetary Fund.
|
| 245 |
1 |
0 |
|a Mongolia :
|b Financial System Stability Assessment.
|
| 264 |
|
1 |
|a Washington, D.C. :
|b International Monetary Fund,
|c 2011.
|
| 300 |
|
|
|a 1 online resource (31 pages)
|
| 490 |
1 |
|
|a IMF Staff Country Reports
|
| 500 |
|
|
|a <strong>Off-Campus Access:</strong> No User ID or Password Required
|
| 500 |
|
|
|a <strong>On-Campus Access:</strong> No User ID or Password Required
|
| 506 |
|
|
|a Electronic access restricted to authorized BRAC University faculty, staff and students
|
| 520 |
3 |
|
|a The Mongolian financial system is dominated by commercial banks. The nonbank financial sector, including insurance and the stock market, is small. The current level of dollarization exposes Mongolia's financial system to risk. The authorities are in the process of establishing the Development Bank of Mongolia as a state-owned limited liability company. They should carefully consider the options for financing the Development Bank and their budget and other implications. Aggregate financial soundness indicators for the banking system show a partial recovery from the crisis.
|
| 538 |
|
|
|a Mode of access: Internet
|
| 830 |
|
0 |
|a IMF Staff Country Reports; Country Report ;
|v No. 2011/107
|
| 856 |
4 |
0 |
|z Full text available on IMF
|u http://elibrary.imf.org/view/journals/002/2011/107/002.2011.issue-107-en.xml
|z IMF e-Library
|